000 01044nam a2200253 a 4500
001 52421
003 BD-RjUL
005 20211209075813.0
008 160920s2001 bg ||||| |||| 00| 0 ben d
020 _c: Tk. 60.00
035 _a(BD-RjUL)52541
040 _aBD-RjUL
_bben
_cBD-RjUL
041 _aben
082 _223
_a796.04
_bCHB 2001
100 1 _aচক্রবর্তী, বরুণকুমার
_9156827
245 1 0 _aবাঙলার লোকক্রীড়া /
_cবরুণকুমার চক্রবর্তী
260 _aকলকাতা :
_bপুস্তক বিপনি,
_c২০০১
300 _a১০৮ পৃ. :
_bচিত্র ;
_c১২ সেমি.
490 _aলোকসংস্কৃতি গবেষণা গ্রন্থমালা ;
_v১১
650 _aক্রীড়া
_9124234
650 _aSports and games
_9156828
830 _aলোকসংস্কৃতি গবেষণা গ্রন্থমালা ;
_v১১
_9142869
942 _2ddc
_cBK
999 _c52421
_d52421